[Event "4NCL 2017-18"]
[Site "England ENG"]
[Date "2017.11.11"]
[Round "1.42"]
[White "Horton, Andrew P"]
[Black "Quillan, Gary"]
[Result "1-0"]
[WhiteTitle "FM"]
[BlackTitle "IM"]
[WhiteElo "2403"]
[BlackElo "2349"]
[WhiteTeam "3Cs"]
[BlackTeam "Spirit of Atticus"]
[WhiteFideId "424269"]
[BlackFideId "401153"]
[EventDate "2017.11.11"]

1. Nf3 Nf6 2. c4 c5 3. g3 e6 4. Bg2 d5 5. b3 Nc6 6. O-O Be7 7. e3 d4 8. exd4
cxd4 9. Re1 O-O 10. Ba3 e5 11. Nxe5 Nxe5 12. Rxe5 Bxa3 13. Nxa3 Qd6 14. Ra5 Bg4
15. Bf3 b6 16. Rg5 Bxf3 17. Qxf3 h6 18. Nb5 Qb4 19. Rf5 Qxd2 20. Rd1 Qxa2 21.
Rxf6 gxf6 22. Nd6 d3 23. Rxd3 Rfd8 24. Kg2 Qb1 25. Rd4 Kf8 26. Qd5 Qh7 27. Rh4
Kg8 28. b4 Rac8 29. c5 Rc7 30. Qf3 f5 31. Nxf5 Kf8 32. Rxh6 Qg8 33. Qh5 1-0

[Event "4NCL 2017-18"]
[Site "England ENG"]
[Date "2017.11.11"]
[Round "1.43"]
[White "Mitchell, Martin"]
[Black "Ashton, Adam G"]
[Result "0-1"]
[BlackTitle "FM"]
[WhiteElo "2241"]
[BlackElo "2364"]
[WhiteTeam "Spirit of Atticus"]
[BlackTeam "3Cs"]
[WhiteFideId "2400634"]
[BlackFideId "410110"]
[EventDate "2017.11.11"]

1. d4 d5 2. c4 e6 3. Nc3 Nf6 4. Nf3 Be7 5. Bf4 O-O 6. e3 b6 7. cxd5 exd5 8. Rc1
c5 9. Be2 Be6 10. O-O Nbd7 11. Ba6 Nh5 12. Bb7 Nxf4 13. Bxa8 Nh3+ 14. gxh3 Qxa8
15. Re1 Nf6 16. Ng5 Bf5 17. Qf3 Bg6 18. Qg2 Re8 19. Nf3 Bd6 20. Nb5 Qc6 21. Nxd6
Qxd6 22. Qg3 Qe7 23. Ne5 Bf5 24. Ng4 Bg6 25. Nxf6+ Qxf6 26. dxc5 bxc5 27. Rxc5
Qxb2 28. Rec1 h6 29. a4 Re5 30. h4 Be4 31. R5c3 Re6 32. h5 Qe2 33. f4 Qxh5 34.
Rc6 Rxc6 35. Rxc6 Qd1+ 36. Kf2 Qxa4 37. Rc8+ Kh7 38. Rc7 Qa2+ 39. Kg1 Qb1+ 40.
Kf2 Qb2+ 41. Kg1 d4 42. exd4 Qxd4+ 43. Kf1 Bd3+ 44. Kg2 Qb2+ 45. Qf2 Be4+ 46.
Kg3 Qb3+ 47. Kh4 Bf5 48. Qg3 g5+ 0-1

[Event "4NCL 2017-18"]
[Site "England ENG"]
[Date "2017.11.11"]
[Round "1.44"]
[White "Abbas, Daniel"]
[Black "Lund, D Brett"]
[Result "1/2-1/2"]
[WhiteTitle "FM"]
[WhiteElo "2299"]
[BlackElo "2235"]
[WhiteTeam "3Cs"]
[BlackTeam "Spirit of Atticus"]
[WhiteFideId "423831"]
[BlackFideId "401242"]
[EventDate "2017.11.11"]

1. e4 c5 2. Nf3 e6 3. g3 d5 4. exd5 exd5 5. d4 Nc6 6. Bg2 Bd6 7. O-O Nge7 8.
dxc5 Bxc5 9. Nbd2 O-O 10. Nb3 Bb6 11. Re1 Bg4 12. c3 Qd7 13. Be3 Bxe3 14. Rxe3
Rad8 15. Qf1 Qc7 16. Rd1 Nc8 17. h3 Bh5 18. g4 Bg6 19. Nh4 Nb6 20. Nxg6 hxg6 21.
Qd3 Rd7 22. Re2 Rfd8 23. Nd4 Qf4 24. Qf3 Nxd4 25. Rxd4 Qc1+ 26. Kh2 Nc4 27. b3
Na5 28. Re3 Nc6 29. Rd1 Qa3 30. Rde1 Qd6+ 31. Qg3 g5 32. Rd3 Kf8 33. Red1 Qxg3+
34. Kxg3 Ne7 35. Rd4 Ke8 36. f4 gxf4+ 37. Kxf4 f6 38. h4 Ng6+ 39. Kg3 Ne7 40.
Bf3 Kf7 41. h5 Ke6 42. Bg2 Rd6 43. Bh3 Nc6 44. g5+ Ke7 45. gxf6+ gxf6 46. Rg4 d4
47. Re1+ Kf7 48. cxd4 Rxd4 49. Rxd4 Rxd4 50. Bg2 Rd3+ 51. Kf4 Rd4+ 52. Ke3 Rd6
53. Be4 Kg7 54. Rc1 Kh6 55. Rc5 Nd8 56. b4 Rd7 57. a4 b6 58. Rf5 Rd6 59. Bd5 Nc6
60. Bxc6 Rxc6 61. Kd4 Rd6+ 62. Kc4 a6 63. a5 bxa5 64. bxa5 Kg7 65. Kc5 Re6 66.
Kd5 Re8 67. Kc6 Re6+ 68. Kd5 Re8 1/2-1/2

[Event "4NCL 2017-18"]
[Site "England ENG"]
[Date "2017.11.11"]
[Round "1.45"]
[White "House, Glenn L"]
[Black "Longson, Alexander"]
[Result "1/2-1/2"]
[WhiteTitle "FM"]
[BlackTitle "FM"]
[WhiteElo "2199"]
[BlackElo "2331"]
[WhiteTeam "Spirit of Atticus"]
[BlackTeam "3Cs"]
[WhiteFideId "406228"]
[BlackFideId "408093"]
[EventDate "2017.11.11"]

1. Nf3 d5 2. d3 Nf6 3. g3 e6 4. Bg2 Be7 5. O-O c5 6. Nbd2 Nc6 7. e4 O-O 8. Re1
b5 9. e5 Nd7 10. Nf1 a5 11. h4 b4 12. N1h2 a4 13. a3 bxa3 14. bxa3 Ba6 15. Ng4
Rb8 16. Bf4 Nd4 17. Nxd4 cxd4 18. h5 Rc8 19. h6 g6 20. Bd2 Rc6 21. Ra2 Qc7 22.
Re2 Rc8 23. Bb4 Bg5 24. Kh2 Qa7 25. f4 Bd8 26. Qe1 Qb6 27. Qf2 Qa7 28. Ra1 Qc7
29. Ra2 Qa7 30. Rb2 Qb6 31. Bc3 dxc3 32. Rxb6 Bxb6 33. Qe1 Bd4 34. Bxd5 exd5 35.
e6 Nf6 36. exf7+ Kf8 37. Nxf6 Bxf6 38. g4 Kxf7 39. g5 Bd8 40. Qh1 Rd6 41. Re5
Bb7 42. Kg3 Rc7 43. Qg1 d4 44. Qb1 Rcd7 45. Qb5 Bd5 46. Qxa4 Be6 47. Qa8 Rd5 48.
Rxd5 Rxd5 49. Qb8 Ke8 50. Qb7 Be7 51. Qb8+ Bd8 52. Qb7 Be7 53. Qb8+ Bd8 1/2-1/2

[Event "4NCL 2017-18"]
[Site "England ENG"]
[Date "2017.11.11"]
[Round "1.46"]
[White "Congiu, Mathilde"]
[Black "Ivell, Nicholas W"]
[Result "1-0"]
[WhiteTitle "WIM"]
[WhiteElo "2229"]
[BlackElo "2201"]
[WhiteTeam "3Cs"]
[BlackTeam "Spirit of Atticus"]
[WhiteFideId "634581"]
[BlackFideId "400726"]
[EventDate "2017.11.11"]

1. e4 c5 2. Nc3 e6 3. g3 Nc6 4. Bg2 g6 5. d3 Bg7 6. Be3 d6 7. Qd2 Nd4 8. Nd1 e5
9. c3 Nc6 10. Nh3 Nge7 11. O-O O-O 12. f4 Bxh3 13. Bxh3 exf4 14. Bxf4 d5 15. Nf2
b6 16. Bh6 Ne5 17. Bg2 d4 18. Bg5 Re8 19. Rad1 Qd6 20. Qe2 N7c6 21. Nh3 Rac8 22.
Bc1 Rc7 23. Nf4 Ne7 24. h3 Rd7 25. Qf2 Rf8 26. c4 a6 27. g4 b5 28. b3 Rb7 29.
Ba3 b4 30. Bc1 a5 31. Qg3 a4 32. g5 Ra7 33. Rde1 axb3 34. axb3 Ra2 35. Nd5 Nxd5
36. exd5 Ra7 37. Rf6 Bxf6 38. gxf6 Nxc4 39. dxc4 Qxf6 40. Bf4 Ra2 41. Bg5 Qf5
42. Be7 Qd7 43. Bf6 Rb2 44. h4 Ra2 45. h5 Ra6 46. Rf1 Qe8 47. Qh4 Qd7 48. Be4
Qe8 49. Re1 Qb8 50. hxg6 fxg6 51. Bxg6 h6 52. Bh7+ Kxh7 53. Qe4+ 1-0

[Event "4NCL 2017-18"]
[Site "England ENG"]
[Date "2017.11.11"]
[Round "1.48"]
[White "Horton, Jamie A"]
[Black "Latham, David"]
[Result "1-0"]
[WhiteElo "2189"]
[BlackElo "2102"]
[WhiteTeam "3Cs"]
[BlackTeam "Spirit of Atticus"]
[WhiteFideId "421472"]
[BlackFideId "428280"]
[EventDate "2017.11.11"]

1. e4 c6 2. d4 d5 3. e5 Bf5 4. h4 h6 5. g4 Be4 6. f3 Bh7 7. e6 fxe6 8. Bd3 Bxd3
9. Qxd3 e5 10. dxe5 e6 11. Qg6+ Kd7 12. h5 Qe8 13. Qd3 Bc5 14. Nc3 Kc7 15. Be3
Nd7 16. Bxc5 Nxc5 17. Qe3 b6 18. O-O-O Ne7 19. Nge2 Qf7 20. f4 Rae8 21. Rdf1 Nb7
22. f5 exf5 23. gxf5 Nd8 24. Nd4 Nc8 25. Qg3 Kb7 26. Rhg1 Rhg8 27. Qh2 Qc7 28.
Re1 a6 29. a4 b5 30. axb5 axb5 31. Nb3 Nb6 32. Nc5+ Ka7 33. b3 Nd7 34. Nd3 d4
35. Qf2 Qb6 36. Ne4 Nxe5 37. Nxe5 Rxe5 38. Nf6 Rxe1+ 39. Qxe1 Rh8 40. Rxg7+ Nb7
41. Qe7 Ka8 42. Qa3+ Qa7 43. Qxa7+ Kxa7 44. Rg8 Rxg8 45. Nxg8 Nd8 46. Nxh6 Kb7
47. f6 Kc7 48. f7 Ne6 49. Nf5 c5 50. Ne7 1-0

[Event "4NCL 2017-18"]
[Site "England ENG"]
[Date "2017.11.11"]
[Round "1.71"]
[White "Rudd, Jack"]
[Black "Greet, Andrew N"]
[Result "1-0"]
[WhiteTitle "IM"]
[BlackTitle "IM"]
[WhiteElo "2273"]
[BlackElo "2442"]
[WhiteTeam "West is Best"]
[BlackTeam "Alba"]
[WhiteFideId "405736"]
[BlackFideId "405817"]
[EventDate "2017.11.11"]

1. c4 e6 2. Nc3 d5 3. d4 Bb4 4. e3 Nf6 5. Bd3 O-O 6. Ne2 c5 7. O-O cxd4 8. exd4
dxc4 9. Bxc4 Nc6 10. a3 Bxc3 11. bxc3 b6 12. Bg5 Bb7 13. Qd3 Rc8 14. f4 h6 15.
Bh4 Na5 16. Ba2 Be4 17. Qxe4 Nxe4 18. Bxd8 Rfxd8 19. f5 exf5 20. Rxf5 Nc4 21.
Raf1 Rd7 22. R1f3 g6 23. R5f4 f5 24. g4 Nf6 25. gxf5 g5 26. Rg3 Nh5 27. Re4 Nxg3
28. Nxg3 Kf8 29. Re6 Nxa3 30. Ne4 Nc4 31. Rxh6 Kg7 32. Rg6+ Kh8 33. f6 Kh7 34.
Rxg5 Kh6 35. Rg3 Nd6 36. Nf2 Rdc7 37. Ng4+ Kh5 38. Be6 Rf8 39. Re3 a5 40. Re5+
Kg6 41. h4 Ne4 42. h5+ Kh7 43. Bf5+ Kh8 44. Bxe4 a4 45. Re7 Rxe7 46. fxe7 Re8
47. Ne5 Kg7 48. Nc6 a3 49. Bb1 Kf6 50. Ba2 Rc8 51. d5 1-0

[Event "4NCL 2017-18"]
[Site "England ENG"]
[Date "2017.11.11"]
[Round "1.81"]
[White "Hill, Alistair"]
[Black "Gormally, Daniel W"]
[Result "0-1"]
[BlackTitle "GM"]
[WhiteElo "2197"]
[BlackElo "2484"]
[WhiteTeam "Cambridge University"]
[BlackTeam "Blackthorne Russia"]
[WhiteFideId "432407"]
[BlackFideId "406465"]
[EventDate "2017.11.11"]

1. e4 c5 2. Nf3 d6 3. Bb5+ Nd7 4. d4 Nf6 5. Nc3 cxd4 6. Qxd4 e5 7. Qd3 h6 8. Be3
Be7 9. Bc4 a6 10. a4 Qa5 11. Nd2 Nc5 12. Bxc5 Qxc5 13. Nd5 Nxd5 14. Qxd5 Qxd5
15. Bxd5 Rb8 16. Nc4 b6 17. O-O O-O 18. Rfd1 Kh8 19. Ra3 Bg4 20. Rd2 Bd7 21. a5
b5 22. Nb6 Be8 23. Rad3 f5 24. exf5 Rxf5 25. Be6 Rf6 26. Bc8 Bd8 27. Bxa6 Bxb6
28. axb6 Rxb6 29. Bc8 b4 30. Bg4 Bg6 31. Rf3 Rc6 32. c3 Rxf3 33. Bxf3 e4 34. Be2
bxc3 35. bxc3 Kg8 36. h3 Kf7 37. Bb5 Rc5 38. c4 Ke6 39. Ra2 Ke5 40. Ra8 Bf7 41.
Ra4 d5 42. Ra7 dxc4 43. Ba4 Bd5 44. Bc2 Rb5 45. Rxg7 Rb2 46. Ba4 Ra2 47. Re7+
Kd4 0-1

[Event "4NCL 2017-18"]
[Site "England ENG"]
[Date "2017.11.12"]
[Round "2.15"]
[White "Foisor, Mihaela-Veronica"]
[Black "Pert, Nicholas"]
[Result "0-1"]
[WhiteTitle "WIM"]
[BlackTitle "GM"]
[WhiteElo "2222"]
[BlackElo "2543"]
[WhiteTeam "Grantham Sharks"]
[BlackTeam "Guildford"]
[WhiteFideId "2270757"]
[BlackFideId "403989"]
[EventDate "2017.11.11"]

1. c4 e5 2. Nc3 Nf6 3. g3 Bb4 4. Bg2 O-O 5. e4 Bxc3 6. bxc3 c6 7. d3 d5 8. cxd5
cxd5 9. exd5 Nxd5 10. Ne2 Nc6 11. O-O Bg4 12. Bb2 Qd7 13. Re1 Rad8 14. Qb3 Be6
15. Qc2 Bh3 16. Bh1 f5 17. Ba3 Rf7 18. Qb3 g5 19. d4 e4 20. c4 Na5 21. Qc2 Rc8
22. Bc5 Nf6 23. Qd2 h6 24. Qxa5 b6 25. Bxb6 axb6 26. Qxb6 f4 27. Nc3 e3 28. fxe3
fxg3 29. hxg3 Qg4 30. Qd6 Re8 31. Nd5 Re6 32. Qb8+ Rf8 33. Nxf6+ Rxf6 34. Bd5+
Kh7 35. Qc7+ Kg6 36. Rab1 Kh5 37. Qe5 Rf5 38. Qd6 Rf3 39. Kh2 Rf2+ 40. Kg1 R8f4
41. Qxf4 gxf4 42. Bf7+ Kg5 43. Kxf2 Qxg3+ 44. Ke2 Qxe3+ 45. Kd1 Qd3+ 46. Kc1
Qc3+ 0-1

[Event "4NCL 2017-18"]
[Site "England ENG"]
[Date "2017.11.12"]
[Round "2.62"]
[White "Cooper, John G"]
[Black "McDonald, Neil"]
[Result "1-0"]
[WhiteTitle "IM"]
[BlackTitle "GM"]
[WhiteElo "2268"]
[BlackElo "2397"]
[WhiteTeam "West is Best"]
[BlackTeam "Wood Green"]
[WhiteFideId "1800027"]
[BlackFideId "400629"]
[EventDate "2017.11.11"]

1. d4 g6 2. c4 f5 3. g3 Nf6 4. Bg2 Bg7 5. Nf3 O-O 6. O-O d6 7. Nc3 c6 8. Rb1 a5
9. d5 Bd7 10. Nd4 cxd5 11. Nxd5 Ne4 12. Be3 Na6 13. Nb3 a4 14. Nd2 Nec5 15. b4
axb3 16. Nxb3 Bc6 17. Qd2 Rf7 18. Rfd1 Ne4 19. Bxe4 fxe4 20. Nb6 Rb8 21. c5 d5
22. Nxd5 Bxd5 23. Qxd5 Qxd5 24. Rxd5 Nb4 25. Rd7 Nxa2 26. Na5 Nc3 27. Rbxb7 Ra8
28. Nc6 Bf8 29. Kg2 Ra2 30. Nd4 Ra8 31. c6 Rc8 32. Ne6 Rxc6 33. Nd8 Rc8 34. Nxf7
Kxf7 35. Rd2 Ra8 36. Bc5 Ke6 37. e3 Nd5 38. Bd4 Rc8 39. Ra2 h5 40. Ra6+ Kf5 41.
Rd7 Nb4 42. Ra5+ Ke6 43. Raa7 Kf7 44. Ra5 1-0

[Event "4NCL 2017-18"]
[Site "England ENG"]
[Date "2017.11.12"]
[Round "2.84"]
[White "Spencer, Carl J"]
[Black "Milliet, Sophie"]
[Result "0-1"]
[BlackTitle "IM"]
[WhiteElo "2152"]
[BlackElo "2391"]
[WhiteTeam "Cambridge University"]
[BlackTeam "Guildford"]
[WhiteFideId "412171"]
[BlackFideId "623725"]
[EventDate "2017.11.11"]

1. d4 Nf6 2. c4 b6 3. Nf3 Bb7 4. Bf4 e6 5. e3 Bb4+ 6. Nbd2 O-O 7. a3 Be7 8. Bg3
c5 9. e4 d6 10. Bd3 cxd4 11. Nxd4 Nbd7 12. Qe2 Nc5 13. Bc2 d5 14. exd5 exd5 15.
O-O-O Re8 16. Rhe1 Bd6 17. Qf1 Rxe1 18. Qxe1 Bxg3 19. hxg3 Qf8 20. Qh1 Nce4 21.
Qh4 Qe7 22. g4 dxc4 23. N2f3 h6 24. Rh1 Re8 25. g5 0-1

[Event "4NCL 2017-18"]
[Site "England ENG"]
[Date "2017.11.12"]
[Round "2.85"]
[White "Kilpatrick, Callum"]
[Black "Beckett, Chris J"]
[Result "0-1"]
[WhiteTitle "FM"]
[WhiteElo "2349"]
[BlackElo "2155"]
[WhiteTeam "Guildford"]
[BlackTeam "Cambridge University"]
[WhiteFideId "414425"]
[BlackFideId "406244"]
[EventDate "2017.11.11"]

1. e4 e6 2. d4 d5 3. Nc3 Bb4 4. exd5 exd5 5. Bd3 Nc6 6. Ne2 Bg4 7. f3 Bh5 8. a3
Bxc3+ 9. bxc3 Bg6 10. O-O Nge7 11. Rb1 Na5 12. Nf4 Bxd3 13. cxd3 O-O 14. Nh5 b6
15. Qe1 Ng6 16. Qg3 Qh4 17. Qxh4 Nxh4 18. Bg5 Ng6 19. Rfe1 Rfe8 20. Kf2 Kf8 21.
Ng3 f6 22. Be3 Rac8 23. Nf5 Ne7 24. Ng3 Ng6 25. Rh1 Nb7 26. h4 Nd6 27. h5 Ne7
28. Bf4 Kf7 29. Rhe1 Ndf5 30. Ne2 g5 31. hxg6+ hxg6 32. g4 Ng7 33. Rh1 g5 34.
Be3 Ng6 35. Rh6 Re7 36. Ng3 Rce8 37. Bd2 Nf4 38. Rbh1 Re2+ 39. Nxe2 Rxe2+ 40.
Kf1 Rxd2 0-1

[Event "4NCL 2017-18"]
[Site "England ENG"]
[Date "2018.01.13"]
[Round "3.11"]
[White "Morrison, Graham SCO"]
[Black "Sadler, Matthew D"]
[Result "0-1"]
[WhiteTitle "FM"]
[BlackTitle "GM"]
[WhiteElo "2294"]
[BlackElo "2693"]
[WhiteTeam "Barbican 4NCL"]
[BlackTeam "Guildford"]
[WhiteFideId "2400090"]
[BlackFideId "400173"]
[EventDate "2017.11.11"]

1. d4 Nf6 2. c4 e6 3. Nf3 d5 4. Nc3 Bb4 5. Bg5 h6 6. Bxf6 Qxf6 7. e3 O-O 8. Rc1
dxc4 9. Bxc4 c5 10. O-O cxd4 11. Ne4 Qe7 12. a3 Ba5 13. Qxd4 Rd8 14. Qe5 Bb6 15.
Rfd1 Nc6 16. Qh5 Bd7 17. g4 Na5 18. Rxd7 Rxd7 19. Ba2 Rc7 20. Rxc7 Qxc7 21. g5
Nc4 22. Bxc4 Qxc4 23. Ne5 Qxe4 24. Qxf7+ Kh8 25. Qxe6 Qb1+ 26. Kg2 Bxe3 27. g6
Qe4+ 28. f3 Qc2+ 29. Kg3 Bf2+ 30. Kf4 Qc1+ 31. Ke4 Qe3+ 32. Kf5 Rf8+ 33. Nf7+
Kg8 0-1

[Event "4NCL 2017-18"]
[Site "England ENG"]
[Date "2018.01.13"]
[Round "3.12"]
[White "Lagarde, Maxime"]
[Black "Cox, John J"]
[Result "1-0"]
[WhiteTitle "GM"]
[BlackTitle "IM"]
[WhiteElo "2604"]
[BlackElo "2314"]
[WhiteTeam "Guildford"]
[BlackTeam "Barbican 4NCL"]
[WhiteFideId "662399"]
[BlackFideId "401064"]
[EventDate "2017.11.11"]

1. e4 e6 2. Qe2 c5 3. Nf3 Nc6 4. g3 d6 5. Bg2 Nf6 6. O-O Be7 7. c3 O-O 8. Rd1
Qb6 9. d3 Bd7 10. Nbd2 Qa6 11. h3 b5 12. d4 cxd4 13. cxd4 Rac8 14. Nb3 Nb4 15.
Bg5 Rc2 16. Qe1 Qa4 17. e5 Nxa2 18. exf6 gxf6 19. Nc1 Rxb2 20. Rd2 1-0

[Event "4NCL 2017-18"]
[Site "England ENG"]
[Date "2018.01.13"]
[Round "3.13"]
[White "Taylor, Martin R"]
[Black "Edouard, Romain"]
[Result "1/2-1/2"]
[WhiteTitle "FM"]
[BlackTitle "GM"]
[WhiteElo "2348"]
[BlackElo "2621"]
[WhiteTeam "Barbican 4NCL"]
[BlackTeam "Guildford"]
[WhiteFideId "407836"]
[BlackFideId "633429"]
[EventDate "2017.11.11"]

1. d4 e6 2. c4 Bb4+ 3. Bd2 a5 4. e4 d6 5. Nf3 Nc6 6. Nc3 e5 7. a3 Bxc3 8. Bxc3
Bg4 9. d5 Nce7 10. h3 Bh5 11. c5 Nf6 12. cxd6 cxd6 13. Qa4+ Nd7 14. g4 Bg6 15.
Bb5 Nc8 16. Nd2 Nb6 17. Qd1 h5 18. Qf3 hxg4 19. hxg4 Rxh1+ 20. Qxh1 Qg5 21. Qf3
Ke7 22. Ke2 Nf6 23. Rg1 Rc8 24. Bxa5 Rc2 25. Qe3 Qxe3+ 26. Kxe3 Rxb2 27. a4
Nbxd5+ 28. exd5 Nxd5+ 29. Ke2 b6 30. Bxb6 Nxb6 31. Ra1 Nd5 32. Ra3 Rc2 33. f3
Nc3+ 34. Ke1 d5 35. Bf1 Kd6 36. a5 Rxd2 37. a6 Rd1+ 38. Kf2 Ne4+ 39. fxe4 Bxe4
40. a7 d4 41. a8=Q Bxa8 42. Rxa8 e4 43. Re8 e3+ 44. Kg2 Rd2+ 45. Kg3 Kc5 46. Re7
f6 47. Ba6 Ra2 48. Bd3 Kb4 49. Kf3 Kc3 50. Be2 g5 51. Rc7+ Kd2 52. Rc4 d3 53.
Rd4 Ra3 54. Bf1 Rb3 55. Be2 f5 56. gxf5 g4+ 57. Rxg4 Rb5 58. Rd4 Rxf5+ 59. Ke4
Kxe2 60. Kxf5 d2 61. Kf4 d1=Q 62. Rxd1 Kxd1 63. Kxe3 1/2-1/2

[Event "4NCL 2017-18"]
[Site "England ENG"]
[Date "2018.01.13"]
[Round "3.14"]
[White "Le Roux, Jean-Pierre"]
[Black "Sowray, Peter J"]
[Result "1-0"]
[WhiteTitle "GM"]
[BlackTitle "FM"]
[WhiteElo "2557"]
[BlackElo "2365"]
[WhiteTeam "Guildford"]
[BlackTeam "Barbican 4NCL"]
[WhiteFideId "609404"]
[BlackFideId "400971"]
[EventDate "2017.11.11"]

1. e4 e5 2. Nf3 Nc6 3. Nc3 Nf6 4. Bb5 Bb4 5. O-O O-O 6. d3 Bxc3 7. bxc3 d6 8.
Bxc6 bxc6 9. Bg5 h6 10. Bh4 Bg4 11. h3 Bxf3 12. Qxf3 g5 13. Bg3 Ne8 14. d4 Qe7
15. Qd3 Nf6 16. dxe5 dxe5 17. Qc4 Rfe8 18. Rab1 Qe6 19. Qxe6 Rxe6 20. f3 Ne8 21.
Rb7 Nd6 22. Rxc7 Nb5 23. Rd7 Nxc3 24. Bf2 a5 25. a3 Rb8 26. Be1 Ne2+ 27. Kf2 Nd4
28. Bxa5 Rb2 29. Rd1 Ra2 30. Rd2 Rxa3 31. Bb6 Nb5 32. c4 Nc3 33. Rd8+ Kg7 34.
Rb8 Na4 35. Bc7 Nc5 36. Rdd8 Ra2+ 37. Kg1 Kg6 38. Bb6 Na6 39. Ra8 c5 40. Bxc5
Rc6 41. Rd6+ Rxd6 42. Bxd6 Kf6 43. c5 Ke6 44. Re8+ Kd7 45. Rxe5 Nb4 46. Re7+ Kc6
47. Rxf7 Nc2 48. Rc7+ Kb5 49. Rb7+ Kc6 50. Rb6+ Kd7 51. e5 Nd4 52. Bb8 Ne2+ 53.
Kh2 Nf4 54. e6+ Nxe6 55. c6+ Kd8 56. Bd6 Ra8 57. Rb7 1-0

[Event "4NCL 2017-18"]
[Site "England ENG"]
[Date "2018.01.13"]
[Round "3.15"]
[White "Rogers, Jonathan W"]
[Black "Fernandez, Daniel Howard"]
[Result "1/2-1/2"]
[WhiteTitle "FM"]
[BlackTitle "GM"]
[WhiteElo "2302"]
[BlackElo "2487"]
[WhiteTeam "Barbican 4NCL"]
[BlackTeam "Guildford"]
[WhiteFideId "402052"]
[BlackFideId "5801605"]
[EventDate "2017.11.11"]

1. e4 g6 2. d4 Bg7 3. Nc3 d5 4. exd5 Nf6 5. Bc4 Nbd7 6. Nf3 Nb6 7. Bb3 a5 8. Na4
Nbxd5 9. c4 Nb4 10. a3 Na6 11. O-O O-O 12. h3 c6 13. Nc3 Nc7 14. Re1 b5 15. Ne5
Bb7 16. c5 Nfd5 17. Qf3 Ne6 18. Bxd5 cxd5 19. c6 Nxd4 20. Qxd5 Ba6 21. Nd7 e6
22. Qe4 f5 23. Qf4 e5 24. Rxe5 Nxc6 25. Rd5 Re8 26. Be3 Qe7 27. Nc5 Bc8 28. Nxb5
Bxb2 29. Rb1 Be5 30. Qc4 Qf7 31. Rc1 Be6 32. Nxe6 Rxe6 33. Rc5 Ne7 34. Nc7 Bxc7
35. Rxc7 Re4 36. Qxf7+ Kxf7 37. Rb1 Rc8 38. Ra7 f4 39. Bd2 Ke6 40. Rb6+ Nc6 41.
Rxa5 Rc4 42. Rba6 h6 43. Ra4 Rxa4 44. Rxa4 g5 45. Bc3 Rc7 46. Re4+ Kd5 47. f3
Ne7 48. h4 1/2-1/2

[Event "4NCL 2017-18"]
[Site "England ENG"]
[Date "2018.01.13"]
[Round "3.16"]
[White "Stefanova, Antoaneta"]
[Black "Klingher, Dominic"]
[Result "1-0"]
[WhiteTitle "GM"]
[WhiteElo "2490"]
[BlackElo "2153"]
[WhiteTeam "Guildford"]
[BlackTeam "Barbican 4NCL"]
[WhiteFideId "2902257"]
[BlackFideId "428850"]
[EventDate "2017.11.11"]

1. Nf3 Nf6 2. g3 g6 3. Bg2 Bg7 4. O-O O-O 5. d4 d6 6. b3 Nbd7 7. Bb2 c5 8. c4 a6
9. Nc3 Rb8 10. a4 cxd4 11. Nxd4 Nc5 12. b4 Ne6 13. Nb3 Qd7 14. Qd3 Qc6 15. e4
Ng4 16. Qe2 h5 17. h3 Ne5 18. Nd5 b5 19. Na5 Qa8 20. cxb5 axb5 21. axb5 1-0

[Event "4NCL 2017-18"]
[Site "England ENG"]
[Date "2018.01.13"]
[Round "3.17"]
[White "Navarro Cia, Miguel"]
[Black "Hebden, Mark L"]
[Result "0-1"]
[WhiteTitle "FM"]
[BlackTitle "GM"]
[WhiteElo "2257"]
[BlackElo "2458"]
[WhiteTeam "Barbican 4NCL"]
[BlackTeam "Guildford"]
[WhiteFideId "2221497"]
[BlackFideId "400084"]
[EventDate "2017.11.11"]

1. e4 e5 2. Nf3 Nc6 3. Bb5 a6 4. Bxc6 dxc6 5. O-O Bd6 6. d4 exd4 7. Qxd4 f6 8.
c4 c5 9. Qd5 Ne7 10. Qh5+ Ng6 11. Nh4 Be6 12. Nxg6 Bf7 13. Qh4 Bxg6 14. Bf4 Bxf4
15. Qxf4 Qd4 16. Nc3 O-O 17. Rad1 Qxc4 18. Qxc7 b5 19. f3 Bf7 20. Qa5 b4 21. Nd5
Qb5 22. Qc7 Bxd5 23. Rxd5 Rac8 24. Qd6 Qa5 25. Qe6+ Kh8 26. Rfd1 Qxa2 27. Qe7 h6
28. Rxc5 Rce8 29. Qa7 Ra8 30. Qb7 Qxb2 31. Rc7 Rad8 32. Rxd8 Rxd8 33. h3 Rd1+ 0-1

[Event "4NCL 2017-18"]
[Site "England ENG"]
[Date "2018.01.13"]
[Round "3.18"]
[White "Flear, Glenn C"]
[Black "Bhatia, Kanwal K"]
[Result "1-0"]
[WhiteTitle "GM"]
[BlackTitle "WFM"]
[WhiteElo "2444"]
[BlackElo "2036"]
[WhiteTeam "Guildford"]
[BlackTeam "Barbican 4NCL"]
[WhiteFideId "400165"]
[BlackFideId "407496"]
[EventDate "2017.11.11"]

1. d4 Nf6 2. c4 c5 3. d5 b5 4. cxb5 a6 5. bxa6 g6 6. Nc3 Bxa6 7. e4 Bxf1 8. Kxf1
d6 9. Nf3 Bg7 10. g3 O-O 11. Kg2 Nbd7 12. a4 Qa5 13. Qc2 Rfb8 14. Ra3 Ne8 15.
Bd2 Nb6 16. b3 Qa6 17. Rb1 Nc7 18. a5 Nd7 19. Ra4 e6 20. dxe6 fxe6 21. h4 Qc6
22. Ne2 Nf6 23. Nf4 Rf8 24. Rc4 e5 25. Ne2 Ng4 26. Qd3 d5 27. exd5 Nxd5 28. Rxg4
Rad8 29. Qe4 Rd6 30. Kg1 h5 31. Rg5 Qa6 32. Nxe5 Re8 33. Re1 Bh6 34. Rxg6+ Rxg6
35. Qxd5+ Qe6 36. Qxe6+ Rgxe6 37. Bxh6 Rxh6 38. f4 Ra6 39. Ra1 Rb8 40. Ra3 1-0

[Event "4NCL 2017-18"]
[Site "England ENG"]
[Date "2018.01.13"]
[Round "3.21"]
[White "Alsina Leal, Daniel"]
[Black "Pigott, John C"]
[Result "0-1"]
[WhiteTitle "GM"]
[BlackTitle "IM"]
[WhiteElo "2487"]
[BlackElo "2400"]
[WhiteTeam "White Rose"]
[BlackTeam "The ADs"]
[WhiteFideId "2252627"]
[BlackFideId "400459"]
[EventDate "2017.11.11"]

1. d4 Nf6 2. c4 e6 3. Nc3 Bb4 4. e3 O-O 5. a3 Bxc3+ 6. bxc3 b6 7. Bd3 Bb7 8. f3
c5 9. Ne2 Nc6 10. e4 Ne8 11. Be3 Qc7 12. Ng3 Na5 13. Qe2 Ba6 14. d5 f5 15. Bf2
Qe5 16. O-O f4 17. Nh1 Nd6 18. g3 Bxc4 19. Bxc4 Ndxc4 20. Rad1 Qxc3 21. dxe6
dxe6 22. gxf4 Rxf4 23. Bg3 Rf7 24. Rd3 Qb2 25. Qd1 Raf8 26. f4 Nc6 27. Rf2 Qb5
28. Qc1 N4e5 29. Rc3 Nd4 30. Kg2 Nd3 31. a4 Nxc1 32. axb5 Nce2 33. Rd3 Nxf4+ 34.
Bxf4 Rxf4 35. Rxf4 Rxf4 36. Nf2 g5 37. e5 Kg7 38. Re3 Kg6 39. Ne4 Nxb5 40. Nd2
Nd4 41. Ra3 Nb5 42. Re3 Kf5 43. Nf1 h5 44. Ng3+ Kg6 45. Ne2 Rg4+ 46. Kf2 Rh4 47.
Kg2 Nd4 48. Nc3 Kf5 49. Re1 b5 50. Ra1 b4 51. Nd1 Re4 52. Rxa7 Re2+ 53. Kg3 b3
54. Rc7 b2 55. Rb7 h4+ 56. Kh3 b1=Q 57. Rxb1 Nf3 0-1